000 00625nam a2200241Ia 4500
003 OSt
005 20220918223818.0
006 a|||||r|||| 00| 0
007 ta
008 220917b |||||||| |||| 00| 0 eng d
024 _a225,257
037 _cTextual
040 _aARTS
_cARTS
_beng
041 _2eng
_aeng
082 _aXOgV:17, P3-;1
100 _aWood Ellen Meiksins
_9121707
245 0 _aEmpire of capital
260 _aLondon
_bVerso
_c2003
300 _ax, 182p
_ccm.
650 _aECONOMICS
942 _hXOgV:17, P3-;1
_cTEXL
_2CC
999 _c279528
_d279528